000 00872nam a22002897a 4500
001 BR7310900
003 BR-BrBNA
005 20230928084223.0
007 ta
008 230509b bl.||||| |||| 00| 0 por d
040 _aBR-BrBNA
_bpor
_cBiblioteca Nacional de Agricultura
041 _a(Por)
072 _aE70; S00
_b/G514
090 _ E70 BR7310900
110 1 _aBanco do Nordeste do Brasil S.A., Fortaleza, CE. Depto. de Estudos Economicos do Nordeste
_91157
245 1 _aConsumo de produtos industriais no nordeste. Resumo de pesquisas em 34 cidades [Brasil]
260 3 _aFortaleza, CE (Brasil):
_c1973.
300 _a51 p.
500 _a20 tables
650 _aESTATISTICA DE PRODUCAO
650 _aRENDA
650 _aCONSUMO
650 _aPESQUISA DE MERCADO
650 _aREGIAO NORDESTE
909 _a202309
_bLucia
_c55
_dLucia Elande
942 _cBK
999 _c17529
_d17529